[Event "Mecklenburg VP-ch U16"]
[Site "Malchow"]
[Date "2018.02.07"]
[Round "1.5"]
[White "Wurst, Benedikt"]
[Black "Meiske, Moritz"]
[Result "1-0"]
[WhiteElo "1673"]
[BlackElo "1271"]
[PlyCount "139"]
[EventDate "2018.02.07"]
[EventType "swiss"]
[EventRounds "7"]
[EventCountry "GER"]
[SourceTitle "EXT 2022"]
[Source "ChessBase"]
[SourceDate "2021.10.06"]
[SourceVersion "1"]
[SourceVersionDate "2021.10.06"]
[SourceQuality "1"]

1. e4 c6 2. d4 d5 3. e5 Bf5 4. f4 e6 5. Nf3 Ne7 6. Bd3 g6 7. Be3 Bg7 8. 0-0 Nd7 9. Qe2 0-0 10. Nbd2 Bxd3 11. Qxd3 Nf5 12. c4 Nxe3 13. Qxe3 dxc4 14. Nxc4 b5 15. Nd6 Nb6 16. Rfc1 Qd7 17. a3 Nc8 18. Ne4 Ne7 19. g4 f5 20. Nc5 Qc8 21. g5 Nd5 22. Qd2 Re8 23. Rc2 Bf8 24. Rac1 Bxc5 25. Rxc5 Ne7 26. Ne1 Qb7 27. Nd3 a5 28. h4 Red8 29. Qf2 Rd5 30. Ne1 Rad8 31. Nf3 Rxc5 32. Rxc5 b4 33. Rxa5 bxa3 34. Rxa3 Rb8 35. b3 Qb4 36. Ra7 Nd5 37. Nd2 Rb7 38. Rxb7 Qxb7 39. Kh2 Nc3 40. Kg3 Ne4+ 41. Nxe4 fxe4 42. Qe3 Kg7 43. Qc3 h6 44. Kf2 hxg5 45. hxg5 Qd7 46. Ke3 Qd5 47. Qc4 Qa5 48. Qc1 Qb5 49. Kxe4 Qxb3 50. Qxc6 Qb1+ 51. Ke3 Qg1+ 52. Kd3 Qf1+ 53. Kc2 Qf2+ 54. Kc3 Qxf4 55. Qd7+ Kf8 56. Qd8+ Kf7 57. Qf6+ Qxf6 58. exf6 Ke8 59. Kd3 Kd7 60. Ke4 Kd6 61. Kf4 Kd7 62. Ke5 Ke8 63. Kxe6 Kf8 64. f7 Kg7 65. Ke7 Kh7 66. d5 Kh8 67. Kf6 Kh7 68. d6 Kh8 69. f8Q+ Kh7 70. Qg7# 1-0

[Event "Mecklenburg VP-ch U16"]
[Site "Malchow"]
[Date "2018.02.07"]
[Round "7.1"]
[White "Wurst, Benedikt"]
[Black "Pfennigschmidt, Lennart Ivo"]
[Result "0-1"]
[WhiteElo "1673"]
[BlackElo "1323"]
[PlyCount "52"]
[EventDate "2018.02.07"]
[EventType "swiss"]
[EventRounds "7"]
[EventCountry "GER"]
[SourceTitle "EXT 2022"]
[Source "ChessBase"]
[SourceDate "2021.10.06"]
[SourceVersion "1"]
[SourceVersionDate "2021.10.06"]
[SourceQuality "1"]

1. e4 e5 2. Nf3 Nc6 3. Bc4 Bc5 4. c3 Nf6 5. d3 a5 6. Bb3 b6 7. a3 d5 8. exd5 Nxd5 9. 0-0 0-0 10. Re1 Re8 11. Ba4 Bd7 12. Bxc6 Bxc6 13. Nxe5 Bxf2+ 14. Kxf2 Rxe5 15. Rxe5 Qf6+ 16. Kg1 Qxe5 17. c4 Qd4+ 18. Kf1 Nf4 19. Bxf4 Qxf4+ 20. Kg1 Qd4+ 21. Kh1 Qf2 22. Qg1 Qxb2 23. Nc3 Bxg2+ 24. Qxg2 Qxa1+ 25. Qg1 Qxc3 26. Qg2 Re8 0-1

[Event "Mecklenburg VP U14"]
[Site "Malchow"]
[Date "2016.02.02"]
[Round "3.1"]
[White "Gazizov, Max"]
[Black "Wurst, Benedikt"]
[Result "1/2-1/2"]
[WhiteElo "1418"]
[BlackElo "1648"]
[PlyCount "122"]
[EventDate "2016.02.02"]
[EventType "swiss"]
[EventRounds "7"]
[EventCountry "GER"]
[SourceTitle "EXT 2024"]
[Source "ChessBase"]
[SourceDate "2023.10.10"]
[SourceVersion "1"]
[SourceVersionDate "2023.10.10"]
[SourceQuality "1"]

1. d4 d5 2. c4 e6 3. Nc3 Nf6 4. e3 c6 5. a3 Bd6 6. Nf3 Nbd7 7. Be2 0-0 8. 0-0 dxc4 9. Bxc4 Nb6 10. Ba2 Nbd5 11. Nxd5 exd5 12. Bd2 Bf5 13. Qb3 Qc7 14. Bb4 Be4 15. Bxd6 Qxd6 16. Ne5 Rab8 17. Bb1 Bxb1 18. Raxb1 Ne4 19. Qc2 Rfe8 20. Nd3 Re6 21. f3 Nf6 22. Rbe1 Qe7 23. Qc5 Re8 24. Qxe7 R8xe7 25. Kf2 Nd7 26. Re2 f5 27. Rfe1 g5 28. h3 h5 29. g3 Kg7 30. h4 g4 31. Nf4 Rh6 32. b3 Rh8 33. b4 a6 34. a4 Nb6 35. Ra1 Nc4 36. b5 gxf3 37. Kxf3 Rhe8 38. Rae1 Kh6 39. bxc6 bxc6 40. Nd3 a5 41. Nc5 Rb8 42. Kf4 Kh7 43. Rc1 Kg6 44. Kf3 Kf6 45. Rc3 Rb1 46. Kf2 Rb8 47. Rb3 Rxb3 48. Nxb3 Rg7 49. Nc5 Rg8 50. Ra2 Ke7 51. Kf3 Rg4 52. Rc2 Kd6 53. Ra2 Ke7 54. Rc2 Kd6 55. Ra2 Kc7 56. Rc2 Nd6 57. Ne6+ Kd7 58. Ng5 Ne4 59. Nxe4 fxe4+ 60. Kg2 Rg8 61. Rb2 Kc7 1/2-1/2

[Event "Mecklenburg VP U14"]
[Site "Malchow"]
[Date "2016.02.02"]
[Round "7.3"]
[White "Petrow, Jonas"]
[Black "Wurst, Benedikt"]
[Result "0-1"]
[WhiteElo "1437"]
[BlackElo "1648"]
[PlyCount "60"]
[EventDate "2016.02.02"]
[EventType "swiss"]
[EventRounds "7"]
[EventCountry "GER"]
[SourceTitle "EXT 2024"]
[Source "ChessBase"]
[SourceDate "2023.10.10"]
[SourceVersion "1"]
[SourceVersionDate "2023.10.10"]
[SourceQuality "1"]

1. d4 d5 2. c4 e6 3. Nc3 Nf6 4. Nf3 Nbd7 5. Bg5 Be7 6. e3 h6 7. Bh4 c6 8. Bd3 dxc4 9. Bxc4 Nd5 10. Bxe7 Qxe7 11. a3 0-0 12. 0-0 N7f6 13. Qc2 Bd7 14. Bd3 Rac8 15. Ne5 c5 16. dxc5 Rxc5 17. Nxd7 Qxd7 18. Qd2 Nxc3 19. bxc3 Rd5 20. Rab1 b6 21. Bh7+ Nxh7 22. Qc2 Nf6 23. Rb4 Rc8 24. Rc1 Rdc5 25. c4 Qc6 26. Qd3 a5 27. Rb2 Rxc4 28. Rd1 Rc1 29. h3 Rxd1+ 30. Qxd1 Qc1 0-1

[Event "Mecklenburg VP-ch U12"]
[Site "Malchow"]
[Date "2015.04.03"]
[Round "4.2"]
[White "Wurst, Benedikt"]
[Black "Marzisch, Darius"]
[Result "1-0"]
[WhiteElo "1592"]
[BlackElo "1499"]
[PlyCount "120"]
[EventDate "2015.01.31"]
[EventType "swiss"]
[EventRounds "7"]
[EventCountry "GER"]
[SourceTitle "EXT 2022"]
[Source "ChessBase"]
[SourceDate "2021.10.06"]
[SourceVersion "1"]
[SourceVersionDate "2021.10.06"]
[SourceQuality "1"]

1. e4 e5 2. Nf3 Nc6 3. Bc4 Bc5 4. Nc3 Nf6 5. d3 h6 6. Be3 Bb6 7. h3 d6 8. a3 Be6 9. Ba2 0-0 10. 0-0 Qe7 11. Na4 Bxa2 12. Nxb6 cxb6 13. Rxa2 Qc7 14. Ra1 d5 15. exd5 Nxd5 16. Bd2 Rfe8 17. Re1 Re6 18. Re2 Rae8 19. Qf1 Qe7 20. Rae1 Nf6 21. Bc3 Nd7 22. d4 e4 23. Nd2 Nf6 24. g3 Rd8 25. Nb3 Nd5 26. Qg2 e3 27. fxe3 Qg5 28. e4 Nxc3 29. bxc3 Rg6 30. Re3 Re8 31. d5 Na5 32. h4 Qe5 33. Nxa5 bxa5 34. Rf1 Rf6 35. Rxf6 Qxf6 36. Qf2 Qd6 37. c4 Qe5 38. Qf4 f5 39. Qxe5 Rxe5 40. Kf2 fxe4 41. Rc3 Kf7 42. Ke3 g5 43. hxg5 hxg5 44. g4 Ke7 45. Kd4 Kf6 46. Re3 Re7 47. Rxe4 Rc7 48. Re6+ Kf7 49. a4 b6 50. Re5 Kf6 51. Rf5+ Kg6 52. d6 Rf7 53. Rxf7 Kxf7 54. Kd5 a6 55. c5 b5 56. d7 Ke7 57. c6 bxa4 58. Kc4 a3 59. Kb3 a4+ 60. Kxa3 Kd8 1-0

[Event "Mecklenburg VP-ch U12"]
[Site "Malchow"]
[Date "2015.02.03"]
[Round "5.2"]
[White "Fromm, Marius"]
[Black "Wurst, Benedikt"]
[Result "0-1"]
[WhiteElo "1081"]
[BlackElo "1592"]
[PlyCount "88"]
[EventDate "2015.01.31"]
[EventType "swiss"]
[EventRounds "7"]
[EventCountry "GER"]
[SourceTitle "EXT 2022"]
[Source "ChessBase"]
[SourceDate "2021.10.06"]
[SourceVersion "1"]
[SourceVersionDate "2021.10.06"]
[SourceQuality "1"]

1. e4 e5 2. Nf3 Nc6 3. Bc4 Bc5 4. d3 d6 5. Be3 Bb6 6. Nbd2 Nf6 7. h3 Na5 8. c3 Nxc4 9. Nxc4 Bxe3 10. Nxe3 0-0 11. Nd2 h6 12. 0-0 Be6 13. Qf3 Qe7 14. Nf5 Qd7 15. Ng3 Rad8 16. c4 c6 17. Rac1 d5 18. Rfd1 d4 19. Rb1 b5 20. b3 a5 21. a4 bxa4 22. bxa4 c5 23. Rb5 Qc7 24. Ra1 Rb8 25. Qd1 Bd7 26. Rb3 Rb4 27. Rxb4 axb4 28. a5 Ra8 29. Nb3 Ne8 30. Ra2 Ra6 31. Ne2 Nd6 32. g4 Nb7 33. Qa1 Qd8 34. Kg2 Qg5 35. Qc1 Qd8 36. Qa1 g6 37. Kg3 h5 38. Kf3 hxg4+ 39. hxg4 f5 40. gxf5 gxf5 41. Qc1 f4 42. Kg2 Qh4 43. Qh1 Rg6+ 44. Kf3 Bg4+ 0-1

[Event "Mecklenburg VP-ch U12"]
[Site "Malchow"]
[Date "2015.02.01"]
[Round "3.1"]
[White "Gazizov, Max"]
[Black "Wurst, Benedikt"]
[Result "1-0"]
[WhiteElo "1100"]
[BlackElo "1592"]
[PlyCount "63"]
[EventDate "2015.01.31"]
[EventType "swiss"]
[EventRounds "7"]
[EventCountry "GER"]
[SourceTitle "EXT 2022"]
[Source "ChessBase"]
[SourceDate "2021.10.06"]
[SourceVersion "1"]
[SourceVersionDate "2021.10.06"]
[SourceQuality "1"]

1. d4 d5 2. e3 c5 3. c4 Nf6 4. Nc3 b6 5. Nf3 Bg4 6. Bd3 e6 7. h3 Bh5 8. Bd2 Nc6 9. cxd5 exd5 10. g4 Bg6 11. Bb5 Qd6 12. Qa4 Rc8 13. Ne5 cxd4 14. exd4 Qe6 15. 0-0-0 a6 16. Bxc6+ Kd8 17. Qxa6 Rxc6 18. Nxc6+ Qxc6 19. f4 Ne4 20. f5 Bxf5 21. gxf5 Nf2 22. Rhe1 Nxd1 23. Kxd1 f6 24. Re6 Qc4 25. Qxc4 dxc4 26. Bf4 Kd7 27. Rxb6 Be7 28. Rb7+ Ke8 29. Rb8+ Bd8 30. a4 Kd7 31. a5 Re8 32. a6 1-0

[Event "Mecklenburg VP-ch U12"]
[Site "Malchow"]
[Date "2015.02.01"]
[Round "2.1"]
[White "Wurst, Benedikt"]
[Black "Jenschke, Tim"]
[Result "1-0"]
[WhiteElo "1592"]
[BlackElo "1065"]
[PlyCount "87"]
[EventDate "2015.01.31"]
[EventType "swiss"]
[EventRounds "7"]
[EventCountry "GER"]
[SourceTitle "EXT 2022"]
[Source "ChessBase"]
[SourceDate "2021.10.06"]
[SourceVersion "1"]
[SourceVersionDate "2021.10.06"]
[SourceQuality "1"]

1. e4 e5 2. Nf3 Nc6 3. Bc4 Bc5 4. d3 Nf6 5. Bg5 h6 6. Bh4 g5 7. Bg3 d6 8. h3 Nd4 9. Nxd4 Bxd4 10. Nc3 Qd7 11. a3 b6 12. Bd5 Nxd5 13. Nxd5 Qd8 14. Qf3 0-0 15. c3 Bc5 16. b4 Bxb4 17. cxb4 f5 18. Qh5 Kg7 19. f3 f4 20. Bf2 Ba6 21. h4 Rh8 22. 0-0-0 Bb7 23. hxg5 Qxg5 24. Qxg5+ hxg5 25. Ne7 c5 26. Nf5+ Kf6 27. Nxd6 Ba6 28. b5 Ke6 29. bxa6 Kxd6 30. Kc2 Rxh1 31. Rxh1 Rc8 32. Rh6+ Kc7 33. Rh7+ Kc6 34. a4 b5 35. Rh6+ Kd7 36. axb5 c4 37. Rc6 cxd3+ 38. Kxd3 Rxc6 39. bxc6+ Kxc6 40. Bxa7 Kd6 41. Bb8+ Kc6 42. a7 Kb7 43. Kc4 Ka8 44. Kd5 1-0

[Event "Rostock SSC op 13th"]
[Site "Rostock"]
[Date "2014.07.25"]
[Round "5"]
[White "Jeske, Holger"]
[Black "Wurst, Benedikt"]
[Result "1-0"]
[WhiteElo "1921"]
[BlackElo "1406"]
[PlyCount "71"]
[EventDate "2014.07.23"]
[EventType "swiss"]
[EventRounds "7"]
[EventCountry "GER"]
[SourceTitle "EXT 2018"]
[Source "ChessBase"]
[SourceDate "2017.10.13"]
[SourceVersion "1"]
[SourceVersionDate "2017.10.13"]
[SourceQuality "1"]

1. e4 e5 2. c3 Nf6 3. d4 exd4 4. e5 Nd5 5. Qxd4 Nb6 6. f4 Nc6 7. Qf2 d6 8. Nf3 Bd7 9. b4 a6 10. a4 dxe5 11. fxe5 Be7 12. Qg3 g6 13. Bh6 Bf5 14. Nbd2 Nd5 15. Rc1 Rg8 16. Bc4 Nb6 17. 0-0 Nxc4 18. Nxc4 g5 19. Rfd1 Bd7 20. h4 g4 21. Bf4 Rh8 22. e6 fxe6 23. Qxg4 e5 24. Qh5+ Kf8 25. Nfxe5 Nxe5 26. Nxe5 Qe8 27. Nxd7+ Kg8 28. Qg4+ Qg6 29. Bg5 Bxg5 30. hxg5 Kg7 31. Nc5 b6 32. Rd7+ Kg8 33. Qc4+ Kf8 34. Rf1+ Ke8 35. Qe2+ Qe6 36. Qxe6# 1-0

[Event "Rostock SSC op 13th"]
[Site "Rostock"]
[Date "2014.07.24"]
[Round "3"]
[White "Mauser, Tassilo Tino"]
[Black "Wurst, Benedikt"]
[Result "0-1"]
[WhiteElo "1837"]
[BlackElo "1406"]
[PlyCount "110"]
[EventDate "2014.07.23"]
[EventType "swiss"]
[EventRounds "7"]
[EventCountry "GER"]
[SourceTitle "EXT 2018"]
[Source "ChessBase"]
[SourceDate "2017.10.13"]
[SourceVersion "1"]
[SourceVersionDate "2017.10.13"]
[SourceQuality "1"]

1. e4 e5 2. Nf3 Nc6 3. d4 exd4 4. Bc4 Bc5 5. 0-0 d6 6. Ng5 Ne5 7. Bb3 Nf6 8. Bf4 0-0 9. Nd2 Ng6 10. Bg3 h6 11. Ngf3 Bb6 12. Re1 Be6 13. Nc4 Qd7 14. Nxd4 Bxc4 15. Bxc4 Bxd4 16. Qxd4 Rfe8 17. Rad1 a6 18. a4 Rad8 19. f3 Ne5 20. Ba2 c5 21. Qf2 Qxa4 22. Bb3 Qb5 23. h3 c4 24. Ba2 Qxb2 25. Bxe5 dxe5 26. Bxc4 Rxd1 27. Rxd1 Rc8 28. Bb3 Qc3 29. Qb6 Qc5+ 30. Qxc5 Rxc5 31. Rd8+ Kh7 32. Rb8 Rc7 33. Rf8 Kg6 34. g4 Nh7 35. Rd8 Ng5 36. Kg2 Rc3 37. Rd6+ f6 38. Rd7 b6 39. h4 Nxf3 40. Bf7+ Kh7 41. h5 Nh4+ 42. Kh2 b5 43. Be6 a5 44. Rd8 g5 45. hxg6+ Kxg6 46. Rg8+ Kh7 47. Rb8 Nf3+ 48. Kg2 Nd4 49. Rb7+ Kg6 50. Bf7+ Kg5 51. Bh5 Rxc2+ 52. Kg3 Ne2+ 53. Kh3 Nd4 54. Kg3 Rc3+ 55. Kg2 b4 0-1

[Event "GER-ch U12"]
[Site "Magdeburg"]
[Date "2014.06.11"]
[Round "6"]
[White "Hoffmann, Lennard"]
[Black "Wurst, Benedikt"]
[Result "0-1"]
[WhiteElo "1641"]
[BlackElo "1403"]
[PlyCount "134"]
[EventDate "2014.06.08"]
[EventType "swiss"]
[EventRounds "11"]
[EventCountry "GER"]
[SourceTitle "CBM 160 Extra"]
[Source "ChessBase"]
[SourceDate "2014.07.01"]
[SourceVersion "1"]
[SourceVersionDate "2014.07.01"]
[SourceQuality "1"]

1. e4 e5 2. Nf3 Nc6 3. Bc4 Bc5 4. c3 Nf6 5. d3 h6 6. 0-0 0-0 7. Nbd2 d6 8. h3 Re8 9. Re1 d5 10. exd5 Nxd5 11. d4 Bb6 12. Nxe5 Nxe5 13. Rxe5 Rxe5 14. dxe5 Nf4 15. Qf3 Ne6 16. Ne4 Bd7 17. Bd2 Bc6 18. Rd1 Qe7 19. Qg4 Kh8 20. Ng3 Qc5 21. Be3 Qxe5 22. Bd4 Nxd4 23. cxd4 Qf6 24. Rd3 Rd8 25. Ne2 Qg6 26. Qxg6 fxg6 27. b4 Re8 28. Nf4 g5 29. Ng6+ Kh7 30. Bf7 Re1+ 31. Kh2 Be4 32. Nf8+ Kh8 33. Re3 Rxe3 34. fxe3 c6 35. Ne6 Bd5 36. Kg3 Bxa2 37. Kg4 Bd5 38. g3 Bc7 39. Nxc7 Bxf7 40. e4 Kg8 41. d5 cxd5 42. exd5 Kf8 43. d6 Be8 44. h4 gxh4 45. gxh4 Bd7+ 46. Kf4 a6 47. Ke5 g5 48. hxg5 hxg5 49. Nd5 Ke8 50. Kd4 g4 51. Kc5 g3 52. Ne3 Bc6 53. Kb6 Kd7 54. Kc5 g2 55. Nxg2 Bxg2 56. Kc4 Kxd6 57. Kd4 b5 58. Kc3 Kd5 59. Kb3 Kd4 60. Ka3 Kc3 61. Ka2 Kxb4 62. Ka1 a5 63. Kb1 Kb3 64. Ka1 a4 65. Kb1 b4 66. Ka1 Kc2 67. Ka2 b3+ 0-1

[Event "GER-ch U12"]
[Site "Magdeburg"]
[Date "2014.06.09"]
[Round "3"]
[White "Wurst, Benedikt"]
[Black "Ruppert, Paula"]
[Result "0-1"]
[WhiteElo "1403"]
[BlackElo "1202"]
[PlyCount "56"]
[EventDate "2014.06.08"]
[EventType "swiss"]
[EventRounds "11"]
[EventCountry "GER"]
[SourceTitle "CBM 160 Extra"]
[Source "ChessBase"]
[SourceDate "2014.07.01"]
[SourceVersion "1"]
[SourceVersionDate "2014.07.01"]
[SourceQuality "1"]

1. e4 d5 2. exd5 Qxd5 3. Nc3 Qd6 4. Nf3 Nf6 5. Bc4 a6 6. d3 b5 7. Bb3 Bb7 8. 0-0 Nbd7 9. Ng5 e6 10. Nge4 Qc6 11. f3 Bb4 12. Bd2 0-0 13. Nd5 Nxd5 14. Bxd5 Bc5+ 15. Kh1 Qxd5 16. Nxc5 Qxc5 17. Bc3 b4 18. d4 Qb6 19. Be1 Rfd8 20. Bf2 Qc6 21. Be3 Ne5 22. b3 Ng4 23. Bg1 e5 24. Qe2 Nf6 25. dxe5 Re8 26. f4 Nh5 27. Rf2 Qh6 28. Qg4 Re6 0-1

[Event "Mecklenburg VP-ch U12"]
[Site "Malchow"]
[Date "2014.02.04"]
[Round "6"]
[White "Wurst, Benedikt"]
[Black "Petrow, Jonas"]
[Result "0-1"]
[WhiteElo "1230"]
[BlackElo "1172"]
[PlyCount "90"]
[EventDate "2014.02.01"]
[EventType "swiss"]
[EventRounds "7"]
[EventCountry "GER"]
[SourceTitle "EXT 2017"]
[Source "ChessBase"]
[SourceDate "2016.10.25"]
[SourceVersion "1"]
[SourceVersionDate "2016.10.25"]
[SourceQuality "1"]

1. c4 Nf6 2. Nc3 g6 3. g3 Bg7 4. Bg2 0-0 5. Nf3 c6 6. 0-0 d5 7. cxd5 cxd5 8. d4 Nc6 9. e3 b6 10. Ne5 Bb7 11. Qb3 e6 12. Qb5 Nxe5 13. dxe5 Nd7 14. f4 Nc5 15. Rd1 Rc8 16. Qf1 Ba6 17. Qf2 Qe7 18. Bf1 Bxf1 19. Qxf1 Rc6 20. Bd2 Rfc8 21. Be1 Bf8 22. Bf2 Qb7 23. Nb1 Ne4 24. b3 Rc2 25. Be1 Bc5 26. Qd3 b5 27. Nd2 Rc3 28. Qf1 Bxe3+ 29. Kg2 Nxd2 30. Bxd2 Rc2 31. Qe1 Qb6 32. Kh3 d4 33. Bxe3 dxe3 34. Rd6 Qc5 35. b4 Qc3 36. Rd7 Qc6 37. Rxa7 Qg2+ 38. Kg4 Qxh2 39. Qh1 h5+ 40. Kg5 Qxg3+ 41. Kf6 Qxf4+ 42. Ke7 Qg5+ 43. Kd6 Qd8+ 44. Rd7 Rd2+ 45. Qd5 Rxd5# 0-1

[Event "Mecklenburg VP-ch U12"]
[Site "Malchow"]
[Date "2014.02.01"]
[Round "2"]
[White "Wurst, Benedikt"]
[Black "Troemer, Axel"]
[Result "1-0"]
[WhiteElo "1230"]
[BlackElo "986"]
[PlyCount "82"]
[EventDate "2014.02.01"]
[EventType "swiss"]
[EventRounds "7"]
[EventCountry "GER"]
[SourceTitle "EXT 2017"]
[Source "ChessBase"]
[SourceDate "2016.10.25"]
[SourceVersion "1"]
[SourceVersionDate "2016.10.25"]
[SourceQuality "1"]

1. e4 c6 2. d4 d5 3. exd5 cxd5 4. Nf3 Bg4 5. Be2 e6 6. 0-0 Nf6 7. h3 Bh5 8. Bf4 Nc6 9. c3 Be7 10. Nbd2 0-0 11. Re1 Rc8 12. Nf1 Ne4 13. Ng3 Nxg3 14. Bxg3 Re8 15. Ne5 Bxe2 16. Qxe2 Nxe5 17. Bxe5 Bf6 18. Bxf6 Qxf6 19. Qe5 Qxe5 20. Rxe5 f6 21. Re3 Rc6 22. Rae1 g5 23. g3 f5 24. Rf3 Kf7 25. g4 f4 26. h4 Kg6 27. h5+ Kf6 28. Kf1 h6 29. Ke2 Re7 30. Kd2 e5 31. dxe5+ Rxe5 32. Rxe5 Kxe5 33. Rd3 Ke4 34. f3+ Ke5 35. Kc2 Rd6 36. Rd2 d4 37. c4 Rc6 38. Re2+ Kd6 39. Kd3 Kc5 40. a3 Rd6 41. b4+ Kc6 1-0

[Event "GER-chT North U12"]
[Site "Magdeburg"]
[Date "2013.09.13"]
[Round "3.2"]
[White "Brunner, Sophia"]
[Black "Wurst, Benedikt"]
[Result "1-0"]
[WhiteElo "1325"]
[BlackElo "1054"]
[PlyCount "33"]
[EventDate "2013.09.12"]
[EventType "team-swiss"]
[EventRounds "7"]
[EventCountry "GER"]
[SourceTitle "EXT 2014"]
[Source "ChessBase"]
[SourceDate "2013.11.20"]
[SourceVersion "1"]
[SourceVersionDate "2013.11.20"]
[SourceQuality "1"]
[WhiteTeam "Hagen"]
[BlackTeam "Rostock SSC 07"]
[WhiteTeamCountry "GER"]
[BlackTeamCountry "GER"]

1. d4 d5 2. c4 e6 3. Bf4 Nf6 4. e3 Nbd7 5. Nc3 c6 6. Nf3 Be7 7. Bd3 dxc4 8. Bxc4 Nb6 9. Qd3 Nfd5 10. Bg3 Nb4 11. Qe2 Nxc4 12. a3 Qa5 13. 0-0 Nxe3 14. axb4 Qxb4 15. fxe3 0-0 16. Qd3 Qxb2 17. Rfb1 1-0

[Event "GER-chT North U12"]
[Site "Magdeburg"]
[Date "2013.09.13"]
[Round "4.2"]
[White "Petri, Ben Luca"]
[Black "Wurst, Benedikt"]
[Result "1/2-1/2"]
[WhiteElo "1141"]
[BlackElo "1054"]
[PlyCount "102"]
[EventDate "2013.09.12"]
[EventType "team-swiss"]
[EventRounds "7"]
[EventCountry "GER"]
[SourceTitle "EXT 2014"]
[Source "ChessBase"]
[SourceDate "2013.11.20"]
[SourceVersion "1"]
[SourceVersionDate "2013.11.20"]
[SourceQuality "1"]
[WhiteTeam "Delmenhorst"]
[BlackTeam "Rostock SSC 07"]
[WhiteTeamCountry "GER"]
[BlackTeamCountry "GER"]

1. e4 e5 2. Nf3 Nc6 3. d4 exd4 4. Nxd4 Bc5 5. Be3 Bb6 6. Nc3 d6 7. Bc4 Nf6 8. 0-0 0-0 9. h3 Nxd4 10. Bxd4 Be6 11. Bb3 a6 12. Bxb6 cxb6 13. Qd3 Bxb3 14. axb3 Qe7 15. Rfe1 Rfe8 16. Nd5 Nxd5 17. Qxd5 h6 18. Rad1 Rad8 19. Qd4 Qc7 20. c4 Qc5 21. Re3 Re6 22. Qd5 Qxd5 23. Rxd5 Rde8 24. f3 Rc8 25. Red3 Rd8 26. b4 Kf8 27. c5 bxc5 28. bxc5 Ke7 29. Kf2 f6 30. Ke3 g6 31. cxd6+ Rdxd6 32. Rxd6 Rxd6 33. Rxd6 Kxd6 34. Kd4 b6 35. f4 g5 36. e5+ fxe5+ 37. fxe5+ Ke6 38. Ke4 h5 39. h4 gxh4 40. Kf4 h3 41. gxh3 a5 42. Kg5 Kxe5 43. Kxh5 Kf5 44. h4 a4 45. Kh6 Kf6 46. h5 b5 47. Kh7 b4 48. h6 Kf7 49. Kh8 a3 50. bxa3 bxa3 51. h7 a2 1/2-1/2

[Event "GER-chT North U12"]
[Site "Magdeburg"]
[Date "2013.09.12"]
[Round "2.2"]
[White "Wurst, Benedikt"]
[Black "Keyser, Robin"]
[Result "1-0"]
[WhiteElo "1054"]
[BlackElo "956"]
[PlyCount "105"]
[EventDate "2013.09.12"]
[EventType "team-swiss"]
[EventRounds "7"]
[EventCountry "GER"]
[SourceTitle "EXT 2014"]
[Source "ChessBase"]
[SourceDate "2013.11.20"]
[SourceVersion "1"]
[SourceVersionDate "2013.11.20"]
[SourceQuality "1"]
[WhiteTeam "Rostock SSC 07"]
[BlackTeam "Hamburg Eppendorf"]
[WhiteTeamCountry "GER"]
[BlackTeamCountry "GER"]

1. e4 c5 2. c3 d6 3. d4 cxd4 4. cxd4 Nf6 5. Bd3 Nc6 6. d5 Ne5 7. Nf3 Nxd3+ 8. Qxd3 Qc7 9. Be3 g6 10. Nc3 a6 11. 0-0 Bg7 12. Rfc1 Qd7 13. b3 0-0 14. Rc2 b5 15. Rac1 Re8 16. Ne2 Qg4 17. Ng3 Nd7 18. h3 Ne5 19. Nxe5 Qh4 20. Nf3 Qxg3 21. fxg3 f5 22. Rc7 fxe4 23. Qxe4 Bf5 24. Qb4 Bb2 25. Re1 Rac8 26. Rxc8 Rxc8 27. Nd4 Bc3 28. Nxf5 Bxb4 29. Nxe7+ Kg7 30. Nxc8 Bxe1 31. Nxd6 Bxg3 32. Nb7 Kf6 33. d6 Ke6 34. Bc5 Kd7 35. Ba3 Kc8 36. Na5 Be1 37. Nc6 a5 38. Kf1 Bc3 39. Ne7+ Kd7 40. Nd5 Bd4 41. Nc7 b4 42. Nb5 Be5 43. Bc1 Kc6 44. Bg5 Kxb5 45. d7 Bc7 46. d8Q Bxd8 47. Bxd8 a4 48. Ke2 axb3 49. axb3 Kc6 50. Be7 Kb5 51. Ke3 Kc6 52. Kd4 Kb6 53. Bxb4 1-0